000 01245nam0a2200289 4500
001 RU\NLR\bibl\1407267
005 20101106121625.0
010 _a978-5-465-02030-5
_920000
021 _aRU
_b2009-50594
_93105
035 _a(NLR Aleph) 001399260
090 _a1211912
_c1211912
100 _a20090903d2009 u y0rusy50 ca
101 1 _arus
_cita
102 _aRU
105 _aa |||||||||
200 1 _aЧиполлино и кум Кабачок
_e[для детей дошкольного и младшего школьного возраста]
_fДжанни Родари
_g[пер. с итал.: Ф.М. Двин
_gхудож.: В.А. Жигарев]
210 _aРеутов
_cОмега
_aМосква
_cОмега-пресс
_d2009
215 _a[15] с.
_cцв. ил.
_d22
225 1 _aСерия "Читаем сами"
300 _aВ вып. дан.: Кн. 2
700 1 _4070
_7ca
_8rus
_aРодари
_bД.
_f1920-1980
_gДжанни
_9118978
_3RU\NLR\auth\779111
702 1 _4040
_7ca
_8rus
_aЖигарев
_bВ. А.
_cхудожник
_f1941-2020
_gВячеслав Алексеевич
_937899
_3RU\NLR\AUTH\7754967
801 0 _aRU
_bNLR
_c20090903
_gRCR
801 1 _aRU
_bNLR
_c20090903
942 _cUNSPEC
980 _aNB